| 000 | 00000nam##2200000za#4500 |
| 001 | 9.531684 |
| 003 | CaOODSP |
| 005 | 20200401034631 |
| 007 | ta |
| 008 | 150406|1999||||xxc||||| f|0| 0 eng|d |
| 020 | |a0-662-64105-1 |
| 022 | |a1203-8903 |
| 040 | |aCaOODSP|beng |
| 041 | |aeng |
| 041 | |afre |
| 043 | |an-cn--- |
| 086 | 1 |aCH3-2/8-1999 |
| 110 | 1 |aCanada. |bCanadian Heritage. |
| 245 | 10|aLanguages in Canada: 1996 Census / |cby Louise Marmen and Jean-Pierre Corbeil. |
| 260 | |aOttawa - Ontario : |bCanadian Heritage |c1999. |
| 300 | |aEnglish text, 86p. : |bgraphs, tables ; |c23 cm. |
| 490 | 1 |aNew Canadian perspectives|x1203-8903 |
| 500 | |aContents: Introduction.--The English language.--The French language.--The non-official languages.--The knowledge of official languages.--Factors affecting the evolution of language groups.--Conclusion.--Glossary.--Data quality.--Appendix of tables. |
| 546 | |aBilingual |
| 563 | |aSoftcover |
| 590 | |a99-12|b1999-03-26 |
| 690 | 07|aFrench language|2gcpds |
| 690 | 07|aLanguage minorities|2gcpds |
| 720 | 1 |aMarmen, Louise |
| 720 | 1 |aCorbeil, Jean-Pierre |
| 776 | 0#|tLanguages in Canada - 1996 Census / |w(CaOODSP)9.571910 |
| 776 | 0#|tLes langues au Canada - Recensement 1996 / |w(CaOODSP)9.602330 |
| 792 | |tLes langues au Canada: Recensement de 1996 / |efre|w(CaOODSP)9.531685 |
| 830 | #0|aNew Canadian perspectives,|x1203-8903|w(CaOODSP)9.509086 |